Catalog

Record Details

Catalog Search



Just for the summer / Abby Jimenez.

Jimenez, Abby,(author,, narrator.).
Webber, Zachary,(narrator.). Lakin, Christine, 1979-(narrator.).

Available copies

  • 2 of 2 copies available at LARL/NWRL Consortium.
  • 2 of 2 copies available at Lake Agassiz Regional Library. (Show preferred library)

Current holds

0 current holds with 2 total copies.

Show Only Available Copies
Location Call Number / Copy Notes Barcode Shelving Location Status Due Date
Detroit Lakes Public Library CD TALKING BOOK JIM (Text) 33500014393888 Main Available -
Moorhead Public Library CD TALKING BOOK JIM (Text) 33500014393870 Main Available -

Record details

  • ISBN: 9798228571013
  • ISBN: 9798228571037
  • Physical Description: 10 audio discs (11 hr., 43 min.) : CD audio, ... Read More
  • Edition: Unabridged.
  • Publisher: [Ashland, Oregon] : Blackstone Publishing, [2025]

Content descriptions

General Note:
Compact discs.
Participant or Performer Note:
Read by Christine Lakin and Zachary Webber ; ... Read More
Summary, etc.:
Justin has a curse: every woman he dates finds ... Read More
Subject: Dating (Social customs) > Fiction.
Man-woman relationships > Fiction.
Blessing and cursing > Fiction.
Summer > Fiction.
Minnesota > Fiction.
FICTION / Romance / Romantic Comedy.
FICTION / Romance / Contemporary.
FICTION / Humorous / General.
FICTION / Small Town & Rural.
FICTION / Women.
Genre: Love stories.
Audiobooks.
Romance fiction.
Humorous fiction.
LDR 02714nim a22006377i 4500
001489539
003LARL_NWRL_CONSORTIUM
00520260608210008.0
008250502s2025 orunnnne f n eng d
007sd fsngnnmmned
040 . ‡aBLACP ‡beng ‡erda ‡cBLACP ‡dOCLCO
020 . ‡a9798228571013 ‡q(sound recording ; ‡qBlackstone Library CD)
020 . ‡a9798228571037 ‡q(sound recording ; ‡qBlackstone Retail CD)
035 . ‡a(OCoLC)1518234117
037 . ‡aZPi70q ‡bBlackstone Publishing
037 . ‡aZEi70q ‡bBlackstone Publishing
08204. ‡a813/.6 ‡223
1001 . ‡aJimenez, Abby, ‡eauthor, ‡enarrator. ‡1https://id.oclc.org/worldcat/entity/E39PCjJyYTkCWb49dBhCYcHdXq
24510. ‡aJust for the summer / ‡cAbby Jimenez.
250 . ‡aUnabridged.
264 1. ‡a[Ashland, Oregon] : ‡bBlackstone Publishing, ‡c[2025]
300 . ‡a10 audio discs (11 hr., 43 min.) : ‡bCD audio, digital ; ‡c4 3/4 in.
336 . ‡aspoken word ‡bspw ‡2rdacontent
337 . ‡aaudio ‡bs ‡2rdamedia
338 . ‡aaudio disc ‡bsd ‡2rdacarrier
344 . ‡adigital ‡2rdatr
344 . ‡boptical ‡2rdarm
347 . ‡aaudio file ‡2rdaft
347 . ‡bCD audio
500 . ‡aCompact discs.
5110 . ‡aRead by Christine Lakin and Zachary Webber ; includes a bonus Q&A with the author.
520 . ‡aJustin has a curse: every woman he dates finds their soul mate after they break up. When he meets a woman with the same problem, they plan to date each other and break up, cancelling each other's curses out.
650 0. ‡aDating (Social customs) ‡vFiction. ‡0(LARL_NWRL_CONSORTIUM)164536
650 0. ‡aMan-woman relationships ‡vFiction. ‡0(LARL_NWRL_CONSORTIUM)165985
650 0. ‡aBlessing and cursing ‡vFiction. ‡0(LARL_NWRL_CONSORTIUM)163718
650 0. ‡aSummer ‡vFiction. ‡0(LARL_NWRL_CONSORTIUM)167348
651 0. ‡aMinnesota ‡vFiction. ‡0(LARL_NWRL_CONSORTIUM)166041
650 7. ‡aFICTION / Romance / Romantic Comedy. ‡2bisacsh
650 7. ‡aFICTION / Romance / Contemporary. ‡2bisacsh
650 7. ‡aFICTION / Humorous / General. ‡2bisacsh
650 7. ‡aFICTION / Small Town & Rural. ‡2bisacsh
650 7. ‡aFICTION / Women. ‡2bisacsh
655 7. ‡aLove stories. ‡2gsafd
655 7. ‡aAudiobooks. ‡2lcgft ‡0(LARL_NWRL_CONSORTIUM)175801
655 7. ‡aRomance fiction. ‡2lcgft
655 7. ‡aHumorous fiction. ‡2lcgft
7001 . ‡aWebber, Zachary, ‡enarrator. ‡1https://id.oclc.org/worldcat/entity/E39PCjrfgkdCTqJRx8J4GvMmwK
7001 . ‡aLakin, Christine, ‡d1979- ‡enarrator. ‡1https://id.oclc.org/worldcat/entity/E39PBJymx8fMJGvbtJGDyMWFKd
901 . ‡a489539 ‡bAUTOGEN ‡c489539 ‡tbiblio

Additional Resources